000 00451nam a22001697a 4500
003 OSt
005 20140310182218.0
008 130909t xxu||||| |||| 00| 0 eng d
050 _aBT 595
_b.N773 [ca.1991]
082 _aHS 641.568
_bAs66 1993
100 _aNofri, Salvatore
_917167
245 _aA warning or a gift
_c Salvatore Nofri.
260 _aNew York
_c[ca1990.]
300 _a96 p. :
_bill.
_c20 cm.
942 _2lcc
_cHS
999 _c10650
_d10650